Normal view MARC view

Entry Nombre corporativo

Number of records used in: 1

001 - NÚMERO DE CONTROL

  • campo de control: 111675

003 - IDENTIFICADOR DE NÚMERO DE CONTROL

  • campo de control: OSt

005 - FECHA Y HORA DE LA ÚLTIMA TRANSACCIÓN

  • campo de control: 20260417133357.0

008 - ELEMENTOS DE DATO DE LONGITUD-FIJA

  • campo de control de longitud fija: 260417|| aca||aabn | a|a d

040 ## - FUENTE DE CATALOGACIÓN

  • Centro catalogador/agencia de origen: M-RABA

110 1# - ENCABEZAMIENTO-NOMBRE DE ENTIDAD CORPORATIVA

  • Nombre de entidad corporativa o nombre de jurisdicción como elemento de entrada: Iglesia de Santa María de los Reyes (Laguardia, Álava)

670 ## - FUENTE DE DATOS ENCONTRADOS

  • Cita de la fuente: Goicoechea y Araluze, Néstor de,1966
  • Información encontrada: (Iglesia de Santa María de los Reyes (Laguardia, Álava))

Powered by Koha